01291nam a22003377a 4500003000500000005001700005008004100022010001000063011001000073035001000083040000900093082001500102100002900117245005100146260004800197300002100245590004100266590004100307590004100348590004200389650002800431650002700459650003700486901000700523942001000530949005700540949006200597999001700659952013600676952014100812CHAP20220329141216.0971010s1960 r 00010 d a64405 a65377 a72056 cCHAP a582.15bV500aVines, Robert A.9119845 aTrees, shrubs and woody vines of the southwest aAustin, Texas :bUniversity of Texas,c1960 a1103 p.b: ilus. aBATCH-UPDb10c20130110lUCH01h0835 aBATCH-UPDb10c20130409lUCH01h2315 aBATCH-UPDb10c20130914lUCH01h1848 aCONVERSIONb10c20130109lUCH01h133514aÁrbolesxE.U.A.9659214aArbustosxE.U.A.9672314aPlantas leñosasxE.U.A.989021 aBK cLIBRO a582.15 V5bBCcCd33724000493664eCh30629i72056si a582.15 V5bBCcCd33724000493672eCfc.2h41012i72056si c64405d64405 00102ddc4051708CaBCbBCcPA_CONSULTAd2019-12-31fLIBROl0o582.15 V5p33724000493664r2019-12-31 00:00:00w2019-12-31yLIBRO 00102ddc4051708CaBCbBCcPA_CONSULTAd2019-12-31fLIBROl0o582.15 V5p33724000493672r2019-12-31 00:00:00tc.2w2019-12-31yLIBRO